|
|
|
|
| LEADER |
01458nam a22003734a 4500 |
| 001 |
36338 |
| 003 |
BD-DhAAL |
| 005 |
20191001113956.0 |
| 008 |
191001t2003 nyua b 000 0 eng d |
| 999 |
|
|
|c 41479
|d 41479
|
| 010 |
|
|
|a 2002103884
|
| 020 |
|
|
|a 1856693449
|
| 020 |
|
|
|a 9781856693448
|
| 020 |
|
|
|a 1563672359
|
| 040 |
|
|
|a DLC
|c DLC
|d DLC
|d BD-DhAAL
|
| 042 |
|
|
|a pcc
|
| 050 |
0 |
0 |
|a TT503
|b .C34 2003
|
| 082 |
0 |
0 |
|a 391.003
|2 22
|
| 100 |
1 |
|
|a Calasibetta, Charlotte Mankey.
|9 35728
|
| 245 |
1 |
4 |
|a The Fairchild dictionary of fashion /
|c Charlotte Mankey Calasibetta, Phyllis Tortora ; illustrated by Bina Abling.
|
| 246 |
3 |
0 |
|a Dictionary of fashion
|
| 250 |
|
|
|a Third edition
|
| 260 |
|
|
|a New York :
|b Fairchild Publications,
|c c2003.
|
| 300 |
|
|
|a xvii, 522 pages :
|b illustrations ;
|c 26 cm.
|
| 504 |
|
|
|a Includes bibliographical references (pages 520-522).
|
| 526 |
|
|
|a SoAD
|
| 541 |
|
|
|a Zeenat Book Supply Limited
|e 36338
|
| 650 |
|
0 |
|a Fashion
|v Dictionaries.
|9 35729
|
| 650 |
|
0 |
|a Costume
|v Dictionaries.
|9 35730
|
| 700 |
1 |
|
|a Tortora, Phyllis G.
|9 35731
|
| 710 |
2 |
|
|a Fairchild Publications.
|9 35732
|
| 852 |
|
|
|a School of Architecture and Design
|c General Stacks
|
| 942 |
|
|
|2 ddc
|c BK
|
| 952 |
|
|
|0 0
|1 0
|2 ddc
|4 0
|6 391_003000000000000_CAL
|7 0
|9 66593
|a BRACUL
|b BRACUL
|c GEN
|d 2019-09-30
|e Zeenat Book Supply Limited
|g 4492.00
|l 2
|m 10
|o 391.003 CAL
|p 3010036338
|r 2025-03-23
|s 2025-03-18
|t 1
|v 4492.00
|w 2019-09-30
|y BK
|x Transferred from ARC to BRACUL on 28/12/2023
|